Neighborhoods of San Francisco on a Map - Statistics

General Stats
  • This quiz has been taken 365 times
  • The average score is 20 of 86
Answers on the Map
Answers color-coded by a green-red scale on the quiz's map according to % correct below.
 
Answer Stats
Answer % Correct
Chinatown
67%
Mission
66%
Haight Ashbury
63%
Tenderloin
59%
Eureka Valley/ Dolores Heights/ Castro
58%
Downtown
54%
Nob Hill
50%
Financial District
48%
Russian Hill
44%
Marina
43%
North Beach
41%
Pacific Heights
41%
Outer Sunset
40%
Inner Sunset
39%
Outer Richmond
39%
Inner Richmond
38%
Noe Valley
35%
Civic Center
34%
South Of Market
34%
Central Waterfront/ Dogpatch
33%
Treasure Island
33%
Twin Peaks
33%
Bayview
31%
Hunters Point
30%
Mission Bay
29%
Potrero Hill
27%
Yerba Buena
27%
Telegraph Hill
26%
Cow Hollow
25%
Sea Cliff
25%
Bernal Heights
24%
Central Richmond
23%
West Portal
23%
Glen Park
22%
Hayes Valley
22%
Parkside
22%
Presidio Heights
22%
Alamo Square
21%
Excelsior
20%
Ingleside
20%
Portola
20%
Central Sunset
19%
Diamond Heights
19%
Western Addition
19%
Crocker Amazon
18%
South Beach
18%
Yerba Buena Island
18%
Duboce Triangle
17%
Stonestown
17%
Forest Hill
16%
Lakeshore
15%
Oceanview
15%
Anza Vista
14%
Jordan Park/ Laurel Heights
14%
Golden Gate Heights
14%
Lake Street
14%
Outer Mission
14%
Visitacion Valley
14%
Lakeside
13%
Mission Dolores
13%
Outer Parkside
13%
Forest Knolls
12%
Inner Parkside
11%
Lone Mountain
11%
Midtown Terrace
11%
North Panhandle
11%
Silver Terrace
11%
Clarendon Heights
10%
Little Hollywood
10%
Parnassus
10%
Corona Heights
9%
North Waterfront
9%
Sunnyside
9%
Ingleside Terrace
8%
Mission Terrace
8%
Balboa Terrace
7%
Merced Heights
7%
Miraloma Park
7%
Monterey Heights
7%
Ingleside Heights
6%
Westwood Park
6%
Mount Davidson Manor
5%
Westwood Highlands
5%
Lower Heights
4%
Forest Hills Extension
2%
Mercedes Manor
2%
No matching quizzes found
Score Distribution
Percent of People with Each Score
Percentile by Number Answered
Your Score History
You have not taken this quiz